000
00309nam a2200109Ia 4500
008
171211s9999 xx 000 0 und d
245
_a
100 Questions & Answers About Men's Health
245
_c
Pamela Ellsworth
260
_c
2010
650
_x
HEALTH
856
_u
http://down.ebook777.com/017/9780763781811.pdf
999
_c
348365
_d
348365